00558nam a22002057a 450000500170000001000150001702000260003203500140005803700090007208200130008110000170009424500490011125000060016026000430016627000720020930000200028170000210030170000240032276000060034620250804143624.0 aENG-146297 a9789361636189c480.00 aEN-129829 bDBAD a338.421 aTamilarasi D aEssential Of Entrepreneurship/cTamilarasi D a1 aTamil NadubShanlax Publicationsc2025 a61,66 T.P.K Main Road, Vasantha Nagar, MaduraibTamil Nadue625003  a182p.c25cm(pb) aSanthi LeAuthor a Archanaa PeAuthor b1